[Event "3rd Asia-ch"]
[Site "Kolkata IND"]
[Date "2001.08.14"]
[Round "7"]
[White "Liang Jinrong"]
[Black "Sasikiran, Krishnan"]
[Result "1/2-1/2"]
[WhiteElo "2510"]
[BlackElo "2589"]
[EventDate "2001.08.09"]
[PlyCount "72"]

1.e4 c5 2.Nf3 d6 3.d4 cxd4 4.Nxd4 Nf6 5.f3 a6 6.c4 e6 7.Nc3 Be7 8.Be3 O-O 
9.Be2 b6 10.O-O Bb7 11.a4 Nc6 12.Kh1 Nd7 13.Rb1 Nb4 14.Nc2 Nxc2 15.Qxc2 
Qc7 16.Rfd1 Rac8 17.Qd2 Rcd8 18.b3 f5 19.exf5 Rxf5 20.Bd3 Rh5 21.Bf4 Qc8 
22.Be4 Bxe4 23.Nxe4 Nf6 24.Qe2 Nxe4 25.fxe4 Rc5 26.Be3 Rc6 27.Bd4 Rf8 28.
Rf1 Qe8 29.Qg4 Qg6 30.Qxg6 hxg6 31.Rxf8+ Kxf8 32.Kg1 Bf6 33.Be3 Bc3 34.Kf2
Bb4 35.Ke2 Bc5 36.Rf1+ Kg8 1/2-1/2

[Event "3rd Asia-ch"]
[Site "Kolkata IND"]
[Date "2001.08.14"]
[Round "7"]
[White "Liu, Dede"]
[Black "Villamayor, Buenaventura"]
[Result "0-1"]
[WhiteElo "2402"]
[BlackElo "2560"]
[EventDate "2001.08.09"]
[PlyCount "112"]

1.e4 e6 2.d3 d5 3.Nd2 Nf6 4.g3 Nc6 5.Bg2 dxe4 6.dxe4 Bc5 7.Ngf3 e5 8.h3 a5
9.O-O b6 10.c3 Ba6 11.Re1 Qd7 12.a3 Bd3 13.Nh4 O-O 14.Nb3 Be7 15.Bg5 Rfd8 
16.Qf3 h6 17.Bxf6 Bxf6 18.Rad1 Bxh4 19.gxh4 Qe6 20.Nxa5 Bc2 21.Rc1 Rd2 22.
Nxc6 Qxc6 23.Bf1 Rad8 24.c4 R8d4 25.Bg2 Rxc4 26.Qf5 Qe8 27.h5 Rc6 28.Qg4 
Rf6 29.Qg3 Qd7 30.Qe3 c5 31.Re2 Rd3 32.Rcxc2 Rxe3 33.fxe3 Qd1+ 34.Kh2 Rd6 
35.Bf3 Rd3 36.Bg4 Kf8 37.Rf2 Qe1 38.Rfe2 Qb1 39.Rc4 Qf1 40.Rcc2 Rd1 41.Rg2
Re1 42.Rce2 Rxe2 43.Rxe2 g6 44.Rg2 Ke7 45.Be2 Qe1 46.a4 g5 47.b3 f6 48.Bc4
Qxe3 49.Bd5 Qf3 50.Rg4 f5 51.Rg3 Qf2+ 52.Rg2 Qf4+ 53.Kg1 Qe3+ 54.Kh2 f4 
55.h4 f3 56.Rg3 Qe2+ 0-1

[Event "3rd Asia-ch"]
[Site "Kolkata IND"]
[Date "2001.08.14"]
[Round "7"]
[White "Magai, Vladimir"]
[Black "Ganguly, Surya Shekhar"]
[Result "0-1"]
[WhiteElo "2537"]
[BlackElo "2464"]
[EventDate "2001.08.09"]
[PlyCount "92"]

1.d4 d5 2.c4 dxc4 3.e4 e5 4.Nf3 exd4 5.Bxc4 Nc6 6.O-O Be6 7.Bb5 Bc5 8.Nbd2
Ne7 9.Ng5 Qd7 10.Nxe6 Qxe6 11.Nb3 Qd6 12.Bf4 Qxf4 13.Nxc5 O-O 14.Rc1 a6 
15.Ba4 b6 16.Nd3 Qxe4 17.Re1 Qd5 18.Bb3 Qf5 19.Qd2 Rad8 20.Bd1 Rd6 21.Bf3 
Qf6 22.Qc2 a5 23.a3 Rc8 24.Qa4 Kf8 25.b4 axb4 26.axb4 g6 27.Qa6 Qf5 28.h3 
h5 29.Qc4 Nd8 30.Re5 Qf6 31.Rce1 Ne6 32.Qa6 Rcd8 33.Qc4 Kg7 34.Kf1 R8d7 
35.Kg1 Ng5 36.Ba8 Ne6 37.Bf3 c6 38.Qa6 c5 39.Qc4 cxb4 40.Qxb4 Nc6 41.Bxc6 
Rxc6 42.Rb5 Nc7 43.Rbe5 Rc3 44.Qb1 Ne6 45.Rb5 Rd6 46.Qb4 Nc7 0-1

[Event "3rd Asia-ch"]
[Site "Kolkata IND"]
[Date "2001.08.14"]
[Round "7"]
[White "Nadera, Barlo"]
[Black "Sandipan, Chanda"]
[Result "0-1"]
[WhiteElo "2421"]
[BlackElo "2427"]
[EventDate "2001.08.09"]
[PlyCount "98"]

1.d4 d5 2.c4 e6 3.Nc3 c6 4.cxd5 exd5 5.Qc2 g6 6.Bf4 Bd6 7.Bg3 Bf5 8.Qd2 
Nf6 9.e3 O-O 10.Bd3 Bxd3 11.Qxd3 Bxg3 12.hxg3 Nbd7 13.Nge2 Qe7 14.Rh4 Rfe8
15.g4 Ne4 16.g3 Ndf6 17.Nxe4 dxe4 18.Qc2 g5 19.Rh3 Nxg4 20.Nc3 Qf6 21.Qe2 
Qf5 22.Rh5 Re6 23.O-O-O Nxf2 24.Rf1 Rf6 25.Nxe4 Nd3+ 26.Kd2 Qxf1 27.Nxf6+ 
Qxf6 28.Qxd3 h6 29.Rh1 Re8 30.Rf1 Qd6 31.Qf5 Re7 32.Qf6 Qxf6 33.Rxf6 Kg7 
34.Rf1 Kg6 35.Kd3 f5 36.a4 h5 37.b4 a6 38.b5 axb5 39.axb5 cxb5 40.Rb1 h4 
41.gxh4 gxh4 42.Rxb5 h3 43.Rb1 h2 44.Rh1 Rh7 45.Kc4 Kg5 46.Kd5 Kg4 47.Ke6 
Kf3 48.d5 Kg2 49.Rxh2+ Rxh2 0-1

[Event "3rd Asia-ch"]
[Site "Kolkata IND"]
[Date "2001.08.14"]
[Round "7"]
[White "Nazarov, Anvar"]
[Black "Peires, T. D. R."]
[Result "1-0"]
[WhiteElo "2410"]
[BlackElo "2151"]
[EventDate "2001.08.09"]
[PlyCount "91"]

1.Nf3 g6 2.g3 Bg7 3.Bg2 d6 4.O-O e5 5.d3 Nc6 6.e4 f5 7.exf5 Bxf5 8.Nh4 Be6
9.Nc3 Bf6 10.Bxc6+ bxc6 11.Ng2 Qd7 12.Ne4 Be7 13.f4 d5 14.Nf2 e4 15.dxe4 
Nf6 16.e5 Ng4 17.Nxg4 Bxg4 18.Qe1 h5 19.h4 Bf5 20.Kh2 Bxc2 21.e6 Qd6 22.
Qc3 Be4 23.Qxh8+ Bf8 24.e7 Kxe7 25.Qe5+ Kd7 26.Qxd6+ cxd6 27.f5 gxf5 28.
Ne3 Ke6 29.Ng2 Bg7 30.Nf4+ Kd7 31.Nxh5 Bd4 32.Bf4 Bxb2 33.Rab1 Rb8 34.Nf6+
Ke6 35.Nxe4 dxe4 36.Bc1 Bxc1 37.Rxb8 Bd2 38.Kg2 d5 39.Rc8 Kd7 40.Ra8 d4 
41.Rxf5 d3 42.Re5 e3 43.Kf3 e2 44.Rxe2 dxe2 45.Rxa7+ Kd6 46.Kxe2 1-0

[Event "3rd Asia-ch"]
[Site "Kolkata IND"]
[Date "2001.08.14"]
[Round "7"]
[White "Nguyen Anh Dung"]
[Black "Mahjoob, Morteza"]
[Result "1-0"]
[WhiteElo "2533"]
[BlackElo "2335"]
[EventDate "2001.08.09"]
[PlyCount "48"]

1.e4 c5 2.c3 d5 3.exd5 Qxd5 4.d4 Nf6 5.Nf3 e6 6.Be2 Nc6 7.Na3 cxd4 8.Nb5 
Qd8 9.Nbxd4 Nxd4 10.Nxd4 e5 11.Bb5+ Bd7 12.Qe2 Qc7 13.Bf4 Bd6 14.Bxd7+ 
Nxd7 15.Nb5 Qc6 16.O-O-O Bb8 17.Be3 O-O 18.Na3 Nb6 19.Qb5 Qxg2 20.Rhg1 Qh3
21.Qb4 Qe6 22.Rxg7+ Kxg7 23.Rg1+ Qg6 24.Rxg6+ hxg6 1-0

[Event "3rd Asia-ch"]
[Site "Kolkata IND"]
[Date "2001.08.14"]
[Round "7"]
[White "Nolte, Rolando"]
[Black "Mallahi, Amir"]
[Result "1/2-1/2"]
[WhiteElo "2324"]
[BlackElo "2416"]
[EventDate "2001.08.09"]
[PlyCount "125"]

1.e4 c5 2.Nf3 Nc6 3.d4 cxd4 4.Nxd4 Nf6 5.Nc3 e5 6.Ndb5 d6 7.Bg5 a6 8.Na3 
b5 9.Bxf6 gxf6 10.Nd5 f5 11.Bd3 Be6 12.Qh5 Rg8 13.g3 Nd4 14.c3 fxe4 15.
Bxe4 Bg4 16.Qxh7 Rg7 17.Qh6 Nf3+ 18.Ke2 Ng5+ 19.f3 Nxe4 20.fxg4 Qc8 21.Qe3
Qxg4+ 22.Qf3 Qxf3+ 23.Kxf3 f5 24.Nc2 Raa7 25.Nce3 Raf7 26.a4 Ng5+ 27.Ke2 
f4 28.gxf4 exf4 29.Nc2 Rf5 30.Ndb4 f3+ 31.Kd3 f2 32.Nd4 Re5 33.axb5 axb5 
34.Nbc6 Rc5 35.h4 Nh7 36.Ra8+ Kf7 37.Rf1 Rg2 38.Ke2 Rh5 39.Rxf2+ Rxf2+ 40.
Kxf2 Rxh4 41.Kg3 Rh5 42.Rb8 Nf6 43.Rxb5 Ne4+ 44.Kf3 Rxb5 45.Nxb5 Nc5 46.b4
Na4 47.Ke4 Nxc3+ 48.Nxc3 d5+ 49.Kd4 Bxb4 50.Nxb4 Kg6 51.Nd3 Kf5 52.Nb5 Kg6
53.Ke3 d4+ 54.Ke4 Kf6 55.Nc7 Ke7 56.Kd5 Kf6 57.Ne6 Kf5 58.Kd6 Kf6 59.Nef4 
Kf5 60.Kd5 Kf6 61.Ke4 Ke7 62.Nd5+ Kd7 63.Ke5 1/2-1/2

[Event "3rd Asia-ch"]
[Site "Kolkata IND"]
[Date "2001.08.14"]
[Round "7"]
[White "Odeev, Handszar"]
[Black "Peng Xiaomin"]
[Result "1/2-1/2"]
[WhiteElo "2479"]
[BlackElo "2629"]
[EventDate "2001.08.09"]
[PlyCount "123"]

1.e4 e5 2.Nf3 Nc6 3.Bb5 a6 4.Ba4 Nf6 5.O-O Be7 6.Re1 b5 7.Bb3 d6 8.a4 Bd7 
9.a5 O-O 10.c3 h6 11.d4 Re8 12.Nbd2 Bf8 13.h3 exd4 14.cxd4 Nb4 15.e5 dxe5 
16.dxe5 Nfd5 17.Ne4 Be6 18.Bd2 c5 19.Bc2 c4 20.Bb1 Qc7 21.Qe2 Rad8 22.Ng3 
Nd3 23.Bxd3 cxd3 24.Qe4 Qc4 25.Rac1 Qxe4 26.Nxe4 Nb4 27.Nc5 Nc2 28.Nxe6 
Rxe6 29.Red1 Rd5 30.Kf1 b4 31.Be3 Rc6 32.Bb6 Be7 33.h4 b3 34.Nd2 Bb4 35.
Nxb3 d2 36.Rb1 Rc4 37.g3 Re4 38.Kg2 Rexe5 39.Na1 Ne1+ 40.Kf1 Rd3 41.Bc7 
Re7 42.Bf4 f5 43.Be3 Re5 44.Ke2 g5 45.Nc2 Rdxe3+ 46.Nxe3 f4 47.Rxd2 Bxd2 
48.Kxd2 Nf3+ 49.Ke2 Nh2 50.gxf4 gxf4 51.Rh1 Ng4 52.Kf3 fxe3 53.Kxg4 exf2 
54.Rf1 Re2 55.Kg3 Rxb2 56.Rxf2 Rb5 57.Rf6 Rxa5 58.Rxh6 Ra1 59.Kf3 a5 60.
Ke3 a4 61.Kd3 a3 62.Kc3 1/2-1/2

[Event "3rd Asia-ch"]
[Site "Kolkata IND"]
[Date "2001.08.14"]
[Round "7"]
[White "Prasad, Devaki"]
[Black "Yu Shaoteng"]
[Result "0-1"]
[WhiteElo "2440"]
[BlackElo "2517"]
[EventDate "2001.08.09"]
[PlyCount "80"]

1.e4 e6 2.d4 d5 3.Nd2 c5 4.exd5 Qxd5 5.Ngf3 cxd4 6.Bc4 Qd6 7.O-O Nf6 8.Nb3
Nc6 9.Nbxd4 Nxd4 10.Nxd4 a6 11.c3 Qc7 12.Qe2 Bd6 13.h3 O-O 14.Rd1 h6 15.
Bd3 b6 16.c4 Rd8 17.Be3 Bb7 18.Rac1 Bf8 19.a3 e5 20.Nf5 a5 21.Bb1 Rxd1+ 
22.Rxd1 Rd8 23.Rxd8 Qxd8 24.Bd2 Qc7 25.Bc3 Nd7 26.Qg4 Qc6 27.f4 g6 28.fxe5
Qc5+ 29.Bd4 Qxc4 30.Kh2 Qe6 31.Qg3 Kh7 32.Nd6 Bd5 33.Nb5 Qc6 34.Nd6 Bxd6 
35.exd6 Bxg2 36.Bc3 Be4 37.Qf4 f5 38.Ba2 Qb5 39.Qd2 Qf1 40.Be6 Qh1+ 0-1

[Event "3rd Asia-ch"]
[Site "Kolkata IND"]
[Date "2001.08.14"]
[Round "7"]
[White "Rahman, Taibur"]
[Black "Lodhi, Mahmood"]
[Result "1/2-1/2"]
[WhiteElo "2246"]
[BlackElo "2410"]
[EventDate "2001.08.09"]
[PlyCount "134"]

1.d4 Nf6 2.c4 e6 3.Nf3 d5 4.Nc3 c6 5.cxd5 exd5 6.Qc2 g6 7.Bg5 Be7 8.e3 Bf5
9.Bd3 Bxd3 10.Qxd3 Na6 11.O-O O-O 12.Ne5 Ne8 13.Bxe7 Qxe7 14.Nxc6 Qd6 15.
Na5 Qb6 16.Nb3 Nec7 17.Na4 Qc6 18.Nac5 Nxc5 19.Nxc5 b6 20.Nb3 Ne6 21.Rac1 
Qa4 22.Nd2 Rac8 23.Qb3 Qa5 24.Nb1 Kg7 25.Rxc8 Rxc8 26.Nc3 Rc4 27.a3 Nc7 
28.Rd1 b5 29.Nb1 Rc6 30.Nd2 Qa4 31.Qxa4 bxa4 32.Nf1 Rc2 33.Rd2 Rc1 34.f3 
f5 35.Kf2 Na8 36.Ng3 Nb6 37.Ne2 Rb1 38.Nc3 Rc1 39.Re2 h6 40.e4 fxe4 41.
fxe4 dxe4 42.Rxe4 Kf6 43.d5 Rc2+ 44.Re2 Rxe2+ 45.Kxe2 Ke5 46.g3 Nxd5 47.
Nxa4 Kd4 48.Kd2 Ne3 49.Nc3 a6 50.Ne2+ Ke4 51.h3 Nf1+ 52.Ke1 Ne3 53.Kd2 
Nf1+ 54.Ke1 Ne3 55.a4 Kf3 56.b3 g5 57.Kd2 Nf1+ 58.Kd3 Nxg3 59.Nd4+ Kf4 60.
b4 Ne4 61.Ne6+ Ke5 62.Nc7 Nf2+ 63.Ke3 Nxh3 64.Nxa6 Nf4 65.b5 Nd5+ 66.Kf3 
Kd6 67.a5 Nc7 1/2-1/2

[Event "3rd Asia-ch"]
[Site "Kolkata IND"]
[Date "2001.08.14"]
[Round "7"]
[White "Ravi, Lanka"]
[Black "Torre, Eugenio"]
[Result "0-1"]
[WhiteElo "2389"]
[BlackElo "2541"]
[EventDate "2001.08.09"]
[PlyCount "78"]

1.d4 d6 2.c4 e5 3.Nc3 exd4 4.Qxd4 Nc6 5.Qd2 Nf6 6.b3 a5 7.e4 a4 8.Rb1 axb3
9.axb3 g6 10.g3 h5 11.h3 Bh6 12.Qd1 Bxc1 13.Qxc1 Nd7 14.Nf3 Nde5 15.Be2 
Nxf3+ 16.Bxf3 Nd4 17.Bg2 c5 18.f4 Ra3 19.O-O Qa5 20.Kh2 Nxb3 21.Qb2 Nd4 
22.Nb5 Rb3 23.Qxb3 Nxb3 24.Nxd6+ Ke7 25.Nxc8+ Rxc8 26.Rxb3 b6 27.Rfb1 h4 
28.e5 Rd8 29.gxh4 Qd2 30.Kg3 Rd3+ 31.Bf3 Rd4 32.R1b2 Qxf4+ 33.Kg2 Rd2+ 34.
Rxd2 Qxd2+ 35.Kg3 Qe1+ 36.Kg2 Qxh4 37.Bd5 Qg5+ 38.Kf2 Qd2+ 39.Kg3 Qe1+ 0-1

[Event "3rd Asia-ch"]
[Site "Kolkata IND"]
[Date "2001.08.14"]
[Round "7"]
[White "Sadvakasov, Darmen"]
[Black "Rahman, Ziaur"]
[Result "1/2-1/2"]
[WhiteElo "2568"]
[BlackElo "2468"]
[EventDate "2001.08.09"]
[PlyCount "134"]

1.e4 c5 2.Nf3 e6 3.d4 cxd4 4.Nxd4 Nc6 5.Nc3 a6 6.Be2 Qc7 7.O-O Nf6 8.Be3 
Bb4 9.Na4 Be7 10.Nxc6 bxc6 11.Nb6 Rb8 12.Nxc8 Qxc8 13.Bd4 c5 14.Be5 Rb6 
15.Qd3 O-O 16.b3 d6 17.Bb2 Nd7 18.Rad1 Bf6 19.Bc1 Qb7 20.f4 c4 21.Qf3 cxb3
22.cxb3 Rc6 23.Bd3 Qc7 24.Be3 Rc8 25.Qh3 Nf8 26.Bc4 Qa5 27.f5 Re8 28.Rf2 
exf5 29.Qxf5 Re5 30.Qg4 h5 31.Qg3 Qd8 32.Bxf7+ Kh8 33.Rf5 Rxf5 34.exf5 Rc3
35.Qf3 Nh7 36.Be6 Be5 37.Qe4 Qb8 38.Rc1 Rxc1+ 39.Bxc1 Nf6 40.Qd3 Qb4 41.
Kf1 Qh4 42.Qf3 Kh7 43.Bf7 d5 44.h3 Ne4 45.Be3 d4 46.Bg6+ Kh8 47.f6 gxf6 
48.Bxe4 dxe3 49.Qxe3 Qg5 50.Qxg5 fxg5 51.Bf3 h4 52.Ke2 Kg7 53.Kd3 Kf6 54.
Kc4 a5 55.Bg4 Ke7 56.Kd5 Bd6 57.Bc8 Bb4 58.Kc6 Kd8 59.Bg4 Ke7 60.Bc8 Kd8 
61.Bf5 Ke7 62.Bg4 Kd8 63.Kb6 Ke7 64.a3 Bxa3 65.Kxa5 Kd6 66.b4 Kc7 67.Ka4 
Bc1 1/2-1/2

[Event "3rd Asia-ch"]
[Site "Kolkata IND"]
[Date "2001.08.14"]
[Round "7"]
[White "Sriram, Jha"]
[Black "Antonio, Rogelio jr"]
[Result "1/2-1/2"]
[WhiteElo "2399"]
[BlackElo "2535"]
[EventDate "2001.08.09"]
[PlyCount "133"]

1.d4 Nf6 2.c4 e6 3.g3 c5 4.d5 exd5 5.cxd5 d6 6.Nc3 g6 7.Bg2 a6 8.a4 Bg7 9.
Nf3 O-O 10.O-O Re8 11.Nd2 Nbd7 12.h3 Rb8 13.Nc4 Ne5 14.Na3 Bd7 15.f4 Nh5 
16.fxe5 Bxe5 17.Bf4 Nxg3 18.Bxg3 Bxg3 19.e4 b5 20.axb5 axb5 21.Qf3 Be5 22.
Qxf7+ Kh8 23.Naxb5 Re7 24.Nxd6 Bxh3 25.Bxh3 Qxd6 26.Qf3 Reb7 27.Ra2 Rxb2 
28.Rxb2 Rxb2 29.Ne2 c4 30.Bg4 Rb8 31.Rc1 Rf8 32.Qe3 Qf6 33.Bh3 Qh4 34.Rf1 
Rb8 35.Qf3 Qe7 36.Bg4 Qh4 37.Bh3 Qe7 38.Kg2 Rb2 39.Qf8+ Qxf8 40.Rxf8+ Kg7 
41.Rf2 c3 42.d6 Bxd6 43.Nxc3 Rb3 44.Rf3 Be5 45.Nd5 Rb2+ 46.Rf2 h5 47.Rxb2 
Bxb2 48.Kf3 g5 49.Bd7 Be5 50.Ne3 g4+ 51.Ke2 Kf6 52.Kd3 Ba1 53.Nc4 Kg5 54.
e5 h4 55.e6 Bf6 56.Ke3 h3 57.Nd6 Be7 58.Ne4+ Kf5 59.Ng3+ Ke5 60.Kf2 Bc5+ 
61.Kf1 Kf4 62.Ne2+ Ke5 63.Bc8 Ke4 64.Bb7+ Ke5 65.Bc8 Ke4 66.Nc3+ Ke5 67.
Ne2 1/2-1/2

[Event "3rd Asia-ch"]
[Site "Kolkata IND"]
[Date "2001.08.14"]
[Round "7"]
[White "Thipsay, Praveen Mahadeo"]
[Black "Safin, Shukhrat"]
[Result "1/2-1/2"]
[WhiteElo "2453"]
[BlackElo "2529"]
[EventDate "2001.08.09"]
[PlyCount "52"]

1.e4 e5 2.Nf3 Nc6 3.Bb5 a6 4.Ba4 Nge7 5.c3 d6 6.d4 Bd7 7.Be3 Ng6 8.d5 Nb8 
9.c4 Be7 10.Nc3 h6 11.O-O Bg5 12.b4 Bxe3 13.fxe3 Qe7 14.Qd3 O-O 15.a3 Bxa4
16.Nxa4 Nd7 17.Qc2 c6 18.dxc6 bxc6 19.Rfd1 Nf6 20.Nc3 Rfd8 21.Qe2 Qe6 22.
Rd2 Ne8 23.Rb1 Ne7 24.a4 Rac8 25.c5 dxc5 26.bxc5 a5 1/2-1/2

[Event "3rd Asia-ch"]
[Site "Kolkata IND"]
[Date "2001.08.14"]
[Round "7"]
[White "Vakhidov, Tahir"]
[Black "Barua, Dibyendu"]
[Result "1-0"]
[WhiteElo "2474"]
[BlackElo "2499"]
[EventDate "2001.08.09"]
[PlyCount "98"]

1.d4 d5 2.Nf3 c6 3.c4 e6 4.e3 Nf6 5.Nc3 Nbd7 6.Qc2 Bd6 7.Bd3 O-O 8.O-O 
dxc4 9.Bxc4 Qe7 10.Bd2 e5 11.Bb3 e4 12.Ng5 Bxh2+ 13.Kxh2 Ng4+ 14.Kg1 Qxg5 
15.Qxe4 Nb6 16.Ne2 a5 17.Qf4 Qf5 18.Nc3 Qd3 19.Bc1 Nf6 20.Rd1 Qg6 21.e4 a4
22.Bc2 a3 23.Bd3 axb2 24.Bxb2 Qg4 25.Qc7 Na4 26.Nxa4 Rxa4 27.f3 Qh4 28.Bc2
Ra6 29.Bb3 Ra8 30.d5 cxd5 31.exd5 Nh5 32.Rd4 Qg5 33.Re1 Bf5 34.Qe5 Nf6 35.
Qe3 Qg6 36.Qd2 Rae8 37.d6 Rxe1+ 38.Qxe1 Re8 39.Qf2 h6 40.Rb4 Bd7 41.Rxb7 
Qb1+ 42.Kh2 Re1 43.Rb8+ Be8 44.Rxe8+ Rxe8 45.Bxf6 gxf6 46.d7 Ra8 47.Qd4 
Rd8 48.Qb6 Qe1 49.Qxd8+ Kg7 1-0

[Event "3rd Asia-ch"]
[Site "Kolkata IND"]
[Date "2001.08.14"]
[Round "7"]
[White "Vladimirov, Evgeny"]
[Black "Al-Rakib, Abdullah"]
[Result "1-0"]
[WhiteElo "2612"]
[BlackElo "2393"]
[EventDate "2001.08.09"]
[PlyCount "57"]

1.d4 d5 2.c4 c6 3.Nf3 Nf6 4.Nc3 e6 5.e3 Nbd7 6.Bd3 dxc4 7.Bxc4 b5 8.Be2 
Be7 9.a3 Bb7 10.e4 b4 11.axb4 Bxb4 12.e5 Nd5 13.Bd2 c5 14.Ne4 O-O 15.Nd6 
Qb6 16.dxc5 Nxc5 17.O-O Bxd2 18.Nxd2 Nf4 19.Bf3 Rad8 20.N2c4 Qb4 21.Rxa7 
Bd5 22.Bxd5 exd5 23.Qf3 Ncd3 24.Rb7 Qc5 25.Ne3 d4 26.Rb5 Qc7 27.Nef5 Qc2 
28.Nxd4 Qd2 29.Ne4 1-0

[Event "3rd Asia-ch"]
[Site "Kolkata IND"]
[Date "2001.08.14"]
[Round "7"]
[White "Wohl, Aleksandar"]
[Black "Paragua, Mark"]
[Result "1-0"]
[WhiteElo "2371"]
[BlackElo "2444"]
[EventDate "2001.08.09"]
[PlyCount "65"]

1.d4 Nf6 2.Nf3 g6 3.Nc3 d5 4.Bf4 Bg7 5.e3 Bg4 6.Be2 Bxf3 7.Bxf3 c6 8.Qd3 
Nfd7 9.e4 dxe4 10.Nxe4 Qb6 11.O-O-O O-O 12.Rhe1 Na6 13.Qb3 Qa5 14.Qxb7 Nb6
15.Nc3 Rab8 16.Bxb8 Rxb8 17.Qxc6 Nb4 18.Qc5 Qxc5 19.dxc5 Nc4 20.Rd3 Nxb2 
21.Rde3 e6 22.a3 Na6 23.c6 Nc4 24.Be2 Nxe3 25.Bxa6 Nxg2 26.c7 Rf8 27.Rd1 
Be5 28.Nb5 Bxc7 29.Nxc7 Rb8 30.Rd7 Rb6 31.Bf1 Nh4 32.Nb5 a5 33.Nd6 1-0

[Event "3rd Asia-ch"]
[Site "Kolkata IND"]
[Date "2001.08.14"]
[Round "7"]
[White "Wu Wenjin"]
[Black "Moradiabadi, Elshan"]
[Result "1-0"]
[WhiteElo "2560"]
[BlackElo "2404"]
[EventDate "2001.08.09"]
[PlyCount "79"]

1.Nf3 d5 2.d4 Nf6 3.c4 e6 4.Nc3 Be7 5.Qc2 O-O 6.Bg5 h6 7.Bh4 b6 8.cxd5 
exd5 9.e3 Be6 10.Bd3 c5 11.Ne5 Nfd7 12.Bxe7 Qxe7 13.f4 Nxe5 14.dxe5 Nc6 
15.O-O f5 16.Bb5 Nb4 17.Qf2 a6 18.Ba4 b5 19.Bd1 Rad8 20.a3 Nd3 21.Qc2 c4 
22.Ne2 g5 23.Nd4 gxf4 24.exf4 Qc5 25.Qc3 a5 26.b4 axb4 27.axb4 Nxb4 28.Kh1
Bc8 29.Rf3 Kh7 30.Rh3 Nc6 31.Ra6 Rf6 32.exf6 Qxd4 33.Qxd4 Nxd4 34.Ra7+ Rd7
35.Rxd7+ Bxd7 36.Bh5 b4 37.f7 Ne6 38.Rg3 c3 39.Rg8 Nf8 40.Rxf8 1-0

[Event "3rd Asia-ch"]
[Site "Kolkata IND"]
[Date "2001.08.14"]
[Round "7"]
[White "Xu Jun"]
[Black "Al-Modiahki, Mohamad"]
[Result "1-0"]
[WhiteElo "2646"]
[BlackElo "2492"]
[EventDate "2001.08.09"]
[PlyCount "97"]

1.d4 Nf6 2.c4 g6 3.g3 Bg7 4.Bg2 d6 5.Nf3 O-O 6.O-O Nc6 7.Nc3 a6 8.h3 Rb8 
9.e4 b5 10.e5 Nd7 11.cxb5 axb5 12.Ng5 Ndxe5 13.dxe5 Nxe5 14.Nf3 Nxf3+ 15.
Qxf3 b4 16.Ne4 d5 17.Nc5 Rb5 18.Nb3 e6 19.Be3 Bxb2 20.Qe2 Bxa1 21.Qxb5 Bc3
22.Bc5 Bd7 23.Qa5 c6 24.Bxf8 Qxa5 25.Nxa5 Kxf8 26.Nb3 Ke7 27.Nc5 Bc8 28.
Rd1 f5 29.Na4 Be5 30.Rb1 Bd6 31.Rc1 Bd7 32.Bf1 Kd8 33.h4 Kc7 34.f4 e5 35.
fxe5 Bxe5 36.Kg2 Bd4 37.Nc5 Bc8 38.Nd3 Kd6 39.Nxb4 c5 40.Be2 Be3 41.Rc2 
Bb7 42.Nd3 c4 43.Nb2 Bd4 44.Bf3 Ba6 45.Nd1 Ba7 46.Rc3 Bd4 47.Ra3 Bb7 48.
Nc3 Bc6 49.Nxd5 1-0

[Event "3rd Asia-ch"]
[Site "Kolkata IND"]
[Date "2001.08.14"]
[Round "7"]
[White "Yurtaev, Leonid"]
[Black "Egin, Vladimir"]
[Result "1-0"]
[WhiteElo "2543"]
[BlackElo "2451"]
[EventDate "2001.08.09"]
[PlyCount "81"]

1.Nf3 d5 2.d3 Nf6 3.Nbd2 Nc6 4.c4 d4 5.g3 e5 6.Bg2 Be7 7.a3 a5 8.Qa4 Nd7 
9.O-O Nc5 10.Qc2 a4 11.b4 axb3 12.Nxb3 O-O 13.Nxc5 Bxc5 14.Nd2 Bf5 15.Rb1 
Ra7 16.Rb5 Qe7 17.Nb3 Bxa3 18.Bxa3 Rxa3 19.Rxb7 Nb4 20.Qb2 Ra2 21.Qb1 Ra4 
22.Na5 Rxa5 23.Rxb4 Bg4 24.Rb2 h5 25.h3 Bd7 26.Rb8 c6 27.Rb7 Qd8 28.Qb2 
Bc8 29.Rb8 Qc7 30.Rb1 Ra6 31.h4 Bg4 32.Be4 g6 33.Rb7 Qd6 34.Qd2 Kg7 35.Qg5
Re8 36.c5 Qf6 37.Qxf6+ Kxf6 38.R1b6 Ra1+ 39.Kg2 Bxe2 40.Rxc6+ Re6 41.Rcc7 
1-0

[Event "3rd Asia-ch"]
[Site "Kolkata IND"]
[Date "2001.08.14"]
[Round "7"]
[White "Zagrebelny, Sergei"]
[Black "Kunte, Abhijit"]
[Result "1-0"]
[WhiteElo "2466"]
[BlackElo "2547"]
[EventDate "2001.08.09"]
[PlyCount "81"]

1.e4 c5 2.Nf3 e6 3.d4 cxd4 4.Nxd4 Nc6 5.Nc3 Qc7 6.Be2 a6 7.O-O Nf6 8.Kh1 
Be7 9.f4 d6 10.Be3 O-O 11.Qe1 Nxd4 12.Bxd4 b5 13.a3 Bb7 14.Qg3 Bc6 15.Rae1
Rae8 16.Bf3 Rd8 17.Re2 Ba8 18.Rfe1 Qc4 19.Rd2 Ne8 20.Red1 Kh8 21.h3 h6 22.
Rd3 Qc7 23.Qf2 Rc8 24.Bb6 Qb8 25.Qe3 Bc6 26.Ba5 Bf6 27.Bb4 e5 28.Rxd6 exf4
29.Qxf4 Nxd6 30.Bxd6 Qb7 31.Bxf8 Rxf8 32.e5 Bxf3 33.gxf3 Bg5 34.Qf5 Re8 
35.Rd7 Qb8 36.Rxf7 Rg8 37.Ne4 Bh4 38.Nf6 Bxf6 39.exf6 Qg3 40.fxg7+ Rxg7 
41.Rf8+ 1-0

[Event "3rd Asia-ch"]
[Site "Kolkata IND"]
[Date "2001.08.14"]
[Round "8"]
[White "Abu Sufian, Shakil"]
[Black "Peires, T. D. R."]
[Result "1/2-1/2"]
[WhiteElo "2276"]
[BlackElo "2151"]
[EventDate "2001.08.09"]
[PlyCount "105"]

1.e4 e5 2.Nf3 Nc6 3.Bb5 a6 4.Bxc6 dxc6 5.d4 exd4 6.Qxd4 Bg4 7.Nbd2 Qxd4 8.
Nxd4 O-O-O 9.N4b3 Nf6 10.f3 Be6 11.Nf1 a5 12.Be3 b6 13.Nd4 Bd7 14.O-O-O c5
15.Ne2 Be7 16.g4 Bb5 17.Nfg3 g6 18.Rxd8+ Rxd8 19.Rd1 Nd7 20.Nc3 Bc6 21.f4 
Bh4 22.g5 f5 23.exf5 Bxg3 24.hxg3 gxf5 25.Rg1 Bf3 26.Rf1 Bc6 27.Rf2 Nf8 
28.Rh2 Bf3 29.b3 Kb7 30.a4 Rd7 31.Rf2 Bg4 32.Rd2 Rxd2 33.Kxd2 c6 34.Nb1 
Bf3 35.c4 Kc7 36.Nc3 Ne6 37.Kd3 Kd6 38.Na2 Bd1 39.Nc1 Nd8 40.Kd2 Bf3 41.
Nd3 Nf7 42.Kc3 Be2 43.Nf2 Ke6 44.Bc1 Nd6 45.Kd2 Bf3 46.Ke3 Be4 47.Nxe4 
Nxe4 48.g4 Nd6 49.gxf5+ Kxf5 50.Bb2 Nf7 51.Bg7 Kg6 52.Bf8 Kf5 53.Kf3 
1/2-1/2

[Event "3rd Asia-ch"]
[Site "Kolkata IND"]
[Date "2001.08.14"]
[Round "8"]
[White "Al-Rakib, Abdullah"]
[Black "Wu Wenjin"]
[Result "0-1"]
[WhiteElo "2393"]
[BlackElo "2560"]
[EventDate "2001.08.09"]
[PlyCount "54"]

1.d4 Nf6 2.c4 e6 3.Nf3 c5 4.e3 cxd4 5.Nxd4 Bb4+ 6.Bd2 Be7 7.Nc3 Nc6 8.Be2 
O-O 9.O-O b6 10.Bf3 Bb7 11.Rc1 Qb8 12.Nxc6 dxc6 13.Ne4 Nd7 14.Bc3 Rd8 15.
Qc2 Ne5 16.Be2 c5 17.f4 Ng6 18.f5 exf5 19.Rxf5 Re8 20.Bd3 Bd6 21.Rh5 Be5 
22.Rf1 Bxc3 23.bxc3 Re5 24.Ng5 Qe8 25.Bf5 Rxe3 26.Bh3 Re1 27.Nxh7 Qe3+ 0-1

[Event "3rd Asia-ch"]
[Site "Kolkata IND"]
[Date "2001.08.14"]
[Round "8"]
[White "Antonio, Rogelio jr"]
[Black "Wohl, Aleksandar"]
[Result "1-0"]
[WhiteElo "2535"]
[BlackElo "2371"]
[EventDate "2001.08.09"]
[PlyCount "55"]

1.e4 e6 2.d4 d5 3.Nc3 Nf6 4.Bg5 dxe4 5.Nxe4 Nbd7 6.Nf3 Be7 7.Nxf6+ Nxf6 8.
Bd3 c5 9.dxc5 Qa5+ 10.c3 Qxc5 11.Qe2 Bd7 12.O-O O-O 13.Ne5 Bc6 14.Rad1 
Rfd8 15.Rfe1 Be8 16.h3 b5 17.Bh4 a5 18.Qf3 b4 19.c4 a4 20.b3 axb3 21.axb3 
Ra6 22.Bxf6 gxf6 23.Bxh7+ Kxh7 24.Rxd8 Bxd8 25.Qd3+ Kg7 26.Qxd8 fxe5 27.
Qxe8 Ra2 28.Re3 1-0

[Event "3rd Asia-ch"]
[Site "Kolkata IND"]
[Date "2001.08.14"]
[Round "8"]
[White "Barsov, Alexei"]
[Black "Nguyen Anh Dung"]
[Result "1/2-1/2"]
[WhiteElo "2495"]
[BlackElo "2533"]
[EventDate "2001.08.09"]
[PlyCount "47"]

1.d4 d5 2.c4 c6 3.Nf3 Nf6 4.Nc3 e6 5.e3 Nbd7 6.Qc2 Bd6 7.g4 Bb4 8.Bd2 Qe7 
9.Rg1 b6 10.cxd5 cxd5 11.Bd3 Bb7 12.g5 Ne4 13.Nxe4 dxe4 14.Bxe4 Rc8 15.Qb3
Bxd2+ 16.Nxd2 Bxe4 17.Nxe4 O-O 18.Nc3 e5 19.O-O-O exd4 20.exd4 Qd6 21.Kb1 
Qxh2 22.Ne4 Qf4 23.f3 Rfd8 24.a3 1/2-1/2

[Event "3rd Asia-ch"]
[Site "Kolkata IND"]
[Date "2001.08.14"]
[Round "8"]
[White "Barua, Dibyendu"]
[Black "Sadvakasov, Darmen"]
[Result "1-0"]
[WhiteElo "2499"]
[BlackElo "2568"]
[EventDate "2001.08.09"]
[PlyCount "71"]

1.e4 c5 2.Nf3 d6 3.d4 cxd4 4.Nxd4 Nf6 5.Nc3 a6 6.Be2 e5 7.Nb3 Be7 8.O-O 
Be6 9.f4 Qc7 10.Kh1 Nbd7 11.Bd3 b5 12.a3 h6 13.Qf3 O-O 14.Bd2 Nb6 15.Rae1 
Nc4 16.f5 Bd7 17.Nd5 Nxd5 18.exd5 Bf6 19.Bc1 e4 20.Bxe4 Nxb2 21.Qg3 Be5 
22.Qh4 Rfe8 23.Bxh6 Na4 24.Qh5 Bf6 25.Bg5 Qd8 26.Re3 Bxg5 27.f6 Rxe4 28.
fxg7 f6 29.Rxe4 Nc3 30.Qh8+ Kf7 31.Qh7 Qg8 32.Qh5+ Kxg7 33.Re7+ Kf8 34.
Rxd7 Nxd5 35.Rh7 Ne3 36.Rh8 1-0

[Event "3rd Asia-ch"]
[Site "Kolkata IND"]
[Date "2001.08.14"]
[Round "8"]
[White "Bin Sattar, Reefat"]
[Black "Kazhgaleev, Murtas"]
[Result "0-1"]
[WhiteElo "2444"]
[BlackElo "2585"]
[EventDate "2001.08.09"]
[PlyCount "82"]

1.e4 e5 2.Nf3 Nc6 3.Bb5 Nf6 4.O-O Be7 5.Re1 d6 6.c3 Bd7 7.d4 O-O 8.h3 Re8 
9.d5 Nb8 10.Bf1 c6 11.c4 a5 12.Nc3 Na6 13.Be3 Qb8 14.Nd2 Nc5 15.a4 Bd8 16.
Ra3 h6 17.Qf3 Nh7 18.Qg3 Bg5 19.f4 exf4 20.Bxf4 Bxf4 21.Qxf4 Nf8 22.Qf2 
Ng6 23.Nb3 Nxb3 24.Rxb3 c5 25.Ra3 Re5 26.Nb1 Qe8 27.Nd2 f5 28.Nf3 Rxe4 29.
Rxe4 fxe4 30.Re3 Qf7 31.Rxe4 Rf8 32.Kh2 Bxa4 33.Re6 Nf4 34.Re3 Bd7 35.Nd2 
Ng6 36.Qxf7+ Rxf7 37.Be2 Nh4 38.Ne4 Re7 39.g4 Bf5 40.Nf6+ Kf7 41.Rxe7+ 
Kxe7 0-1